Library Banner

Koee nah sir utha ke challay = کویء نہ سرا ٹھا کے چلے / (Record no. 130910)

MARC details
000 -LEADER
fixed length control field 00477nam a22001457a 4500
005 - DATE AND TIME OF LATEST TRANSACTION
control field 20230606121353.0
008 - FIXED-LENGTH DATA ELEMENTS--GENERAL INFORMATION
fixed length control field 230606b ||||| |||| 00| 0 eng d
040 ## - CATALOGING SOURCE
Transcribing agency PK-LaUMT
082 ## - DEWEY DECIMAL CLASSIFICATION NUMBER
Classification number 891.4393
Item number SYE-K
100 ## - MAIN ENTRY--PERSONAL NAME
Personal name Syed Kazam Raza = سید کاظم رضا
245 ## - TITLE STATEMENT
Title Koee nah sir utha ke challay = کویء نہ سرا ٹھا کے چلے /
Statement of responsibility, etc by Syed Kazam Raza = سید کاظم رضا
260 ## - PUBLICATION, DISTRIBUTION, ETC. (IMPRINT)
Place of publication, distribution, etc Lahore :
Name of publisher, distributor, etc Fiction House,
Date of publication, distribution, etc 1999
300 ## - PHYSICAL DESCRIPTION
Extent 256 p.
942 ## - ADDED ENTRY ELEMENTS (KOHA)
Koha item type Books
Holdings
Withdrawn status Lost status Damaged status Home library Current library Date acquired Full call number Barcode Date last seen Price effective from Koha item type
      UMT Main Campus UMT Main Campus 2023-06-06 891.4393 SYE-K 144967 2023-06-06 2023-06-06 Books